Sports Quiz

Random Sports or MLB Quiz
Score 0/16 Timer 04:00
3 Plays Today
# of Seasons (Last) Player % Correct
9 (1931)Babe Ruth
99.2%
4 (2004)Barry Bonds
97.6%
3 (1934)Lou Gehrig
90.7%
2 (1998)Mark McGwire
90.7%
1 (2001)Sammy Sosa
90.1%
1 (1956)Mickey Mantle
89.7%
2 (1957)Ted Williams
89.1%
1 (1994)Frank Thomas
86%
# of Seasons (Last) Player % Correct
1 (1994)Jeff Bagwell
85.1%
1 (1948)Stan Musial
81.6%
2 (1999)Larry Walker
80.6%
3 (1938)Jimmie Foxx
76.9%
1 (1994)Albert Belle
73.1%
1 (1930)Hack Wilson
55.6%
2 (1925)Rogers Hornsby
55.3%
1 (1930)Al Simmons
26.2%

You're not logged in!

Compare scores with friends on all Sporcle quizzes.
OR
Log In

Sporcle TV

Today on Sporcle TV


Watch our educational content, quiz creation guides, and fun videos on Sporcle TV.

Show Comments

Extras

Top Quizzes Today


Score Distribution

Paid Content

Your Account Isn't Verified!

In order to create a playlist on Sporcle, you need to verify the email address you used during registration. Go to your Sporcle Settings to finish the process.

Report this User

Report this user for behavior that violates our Community Guidelines.

Details: